A possible paradigm of expressing obligation through English modal verbs MUST, SHOUL, HAVE TO
This thesis presents a possible paradigm of expressing obligation through English modal verbs MUST, SHOUL, HAVE TO.
Đã lưu trong:
| Tác giả chính: | |
|---|---|
| Tác giả khác: | |
| Định dạng: | Sách |
| Ngôn ngữ: | English |
| Được phát hành: |
Hà Nội :
Đại học Ngoại ngữ Hà Nội,
1999.
|
| Những chủ đề: | |
| Các nhãn: |
Thêm thẻ
Không có thẻ, Là người đầu tiên thẻ bản ghi này!
|
| Thư viện lưu trữ: | Mạng thư viện Đại học Đà Nẵng |
|---|
| LEADER | 01253cmm a2200385 i 4500 | ||
|---|---|---|---|
| 001 | 000049814 | ||
| 003 | 9947 | ||
| 005 | 20030918161459.0 | ||
| 008 | 010423b1999 vm 000 eng | ||
| 040 | |a IRC |c IRC |d IRC | ||
| 041 | 0 | |a eng | |
| 082 | 1 | 4 | |a 425 |b NG-C |
| 100 | 1 | |a Nguyễn Dương Nguyên Châu. | |
| 245 | 0 | 2 | |a A possible paradigm of expressing obligation through English modal verbs MUST, SHOUL, HAVE TO |h [Thesis - Luận văn] / |c Nguyễn Dương Nguyên Châu ; Supervisor: Thái Duy Bao. |
| 260 | |a Hà Nội : |b Đại học Ngoại ngữ Hà Nội, |c 1999. | ||
| 300 | |a 75p. ; |c 29cm. | ||
| 520 | 3 | |a This thesis presents a possible paradigm of expressing obligation through English modal verbs MUST, SHOUL, HAVE TO. | |
| 630 | 0 | 4 | |a Grammar. |
| 630 | 0 | 4 | |a Anh ngữ. |
| 630 | 0 | 4 | |a English thesis. |
| 630 | 0 | 4 | |a Modality. |
| 630 | 0 | 4 | |a English verbs. |
| 630 | 0 | 4 | |a Luận văn Anh ngữ. |
| 650 | 0 | 4 | |a English linguistics |x Grammar. |
| 700 | 1 | |a Thái Duy Bảo, |c PTS, |e hướng dẫn. | |
| OWN | |a DUT | ||
| 999 | |a From the UDN01 | ||
| TYP | |a Computer file | ||
| TYP | |a Monograph | ||
| 980 | |a Mạng thư viện Đại học Đà Nẵng | ||